[Event "Scarborough CC Howard Ridout Swiss"]
[Site "Toronto CAN"]
[Date "2009.10.15"]
[Round "6"]
[White "Wiebe, Daniel"]
[Black "Radpey, Abdolreza"]
[Result "1-0"]
[WhiteElo "1929"]
[BlackElo "1488"]
[PlyCount "157"]
[GameId "2160767910096859"]
[EventDate "2009.09.10"]
[EventType "swiss"]
[EventRounds "7"]
[EventCountry "CAN"]
[SourceTitle "EXT 2011"]
[Source "ChessBase"]
[SourceDate "2011.11.26"]
[SourceVersion "1"]
[SourceVersionDate "2011.11.26"]
[SourceQuality "1"]

1. e4 c5 2. Nf3 Nc6 3. d4 cxd4 4. Nxd4 e5 5. Nb3 Nf6 6. Bd3 Be7 7. O-O O-O 8. f4 d6 9. f5 b6 10. Rf3 Nh5 11. g4 Nf4 12. Bxf4 exf4 13. Rxf4 Bg5 14. Rf1 Be3+ 15. Kh1 Qh4 16. Qf3 Bh6 17. Rg1 Ne5 18. Qg3 Qf6 19. g5 Bxg5 20. Qxg5 Qxg5 21. Rxg5 Bb7 22. N1d2 h6 23. Rg3 d5 24. exd5 Bxd5+ 25. Be4 Bxe4+ 26. Nxe4 Kh7 27. Rag1 g5 28. Nf6+ Kg7 29. Ng4 Nxg4 30. Rxg4 Kf6 31. Nd4 Rfe8 32. Kg2 Re3 33. Kf2 Rae8 34. R4g3 R3e5 35. Rh3 Kg7 36. Rgg3 Rd5 37. c3 b5 38. a3 Re4 39. Re3 Rf4+ 40. Ke2 a5 41. b4 axb4 42. axb4 Rg4 43. Kd3 Rf4 44. Rhf3 Rh4 45. Rf2 Kf6 46. Re4 g4 47. c4 Rh3+ 48. Re3 Rxe3+ 49. Kxe3 bxc4 50. Rc2 Re5+ 51. Kf4 h5 52. Rxc4 Re1 53. Rc6+ Kg7 54. Rc3 Rh1 55. Kg3 Rd1 56. Nc6 Kf6 57. Rb3 Kxf5 58. b5 Rd2 59. h3 Rd7 60. b6 Rb7 61. Na5 Rb8 62. b7 Ke6 63. Nc6 Rxb7 64. Rxb7 Kd6 65. Rxf7 Kxc6 66. Rf5 Kd6 67. Rxh5 Kc6 68. Kxg4 Kb6 69. Kf4 Kc6 70. Ke4 Kb6 71. Kd4 Kc6 72. Rd5 Kb6 73. Rc5 Ka6 74. Kd5 Kb6 75. Kd6 Kb7 76. Rc6 Kb8 77. Rc7 Ka8 78. Kc6 Kb8 79. Kb6 1-0

[Event "Scarborough CC Howard Ridout Swiss"]
[Site "Toronto CAN"]
[Date "2009.10.15"]
[Round "6"]
[White "Zhou, Kevin"]
[Black "Gillis, Doug"]
[Result "1-0"]
[WhiteElo "1826"]
[BlackElo "1680"]
[PlyCount "67"]
[GameId "2160767910096860"]
[EventDate "2009.09.10"]
[EventType "swiss"]
[EventRounds "7"]
[EventCountry "CAN"]
[SourceTitle "EXT 2011"]
[Source "ChessBase"]
[SourceDate "2011.11.26"]
[SourceVersion "1"]
[SourceVersionDate "2011.11.26"]
[SourceQuality "1"]

1. e4 e6 2. d4 d5 3. Nc3 dxe4 4. Nxe4 Qd5 5. Ng3 c5 6. Nf3 Nf6 7. c4 Qd8 8. Be2 Nc6 9. dxc5 Qxd1+ 10. Bxd1 Bxc5 11. O-O Ng4 12. Ne4 Be7 13. h3 Nf6 14. Nc3 b6 15. Ba4 Bb7 16. Ne5 Rc8 17. Rd1 O-O 18. Nxc6 Bxc6 19. Bxc6 Rxc6 20. b3 Rd6 21. Bf4 Rxd1+ 22. Rxd1 Rd8 23. Rxd8+ Bxd8 24. Kf1 Be7 25. Bb8 Bb4 26. Na4 a6 27. Nxb6 Ne4 28. Be5 Bc5 29. f3 Nd2+ 30. Ke2 Nxb3 31. axb3 Bxb6 32. Bd6 f6 33. c5 Ba5 34. c6 1-0

[Event "Scarborough CC Howard Ridout Swiss"]
[Site "Toronto CAN"]
[Date "2009.10.22"]
[Round "7"]
[White "Armstrong, Robert J"]
[Black "Jizan, Masoud"]
[Result "0-1"]
[WhiteElo "1804"]
[BlackElo "1718"]
[PlyCount "46"]
[GameId "2160767910096861"]
[EventDate "2009.09.10"]
[EventType "swiss"]
[EventRounds "7"]
[EventCountry "CAN"]
[SourceTitle "EXT 2011"]
[Source "ChessBase"]
[SourceDate "2011.11.26"]
[SourceVersion "1"]
[SourceVersionDate "2011.11.26"]
[SourceQuality "1"]

1. d4 d5 2. c4 c6 3. e3 Nf6 4. Nf3 g6 5. Bd3 Bg7 6. O-O O-O 7. Nc3 Bg4 8. h3 Bd7 9. Qb3 Qc8 10. cxd5 cxd5 11. Nxd5 Nxd5 12. Qxd5 Bc6 13. Qg5 Bxf3 14. gxf3 Qxh3 15. Be4 Nc6 16. d5 f5 17. dxc6 fxe4 18. fxe4 bxc6 19. Rb1 Rad8 20. b3 Rxf2 21. Kxf2 Qh2+ 22. Ke1 Bc3+ 23. Bd2 Qxd2# 0-1

[Event "Scarborough CC Howard Ridout Swiss"]
[Site "Toronto CAN"]
[Date "2009.10.22"]
[Round "7"]
[White "Conte, Michael"]
[Black "Maister, Martin"]
[Result "0-1"]
[WhiteElo "1840"]
[BlackElo "1839"]
[PlyCount "78"]
[GameId "2160767910096862"]
[EventDate "2009.09.10"]
[EventType "swiss"]
[EventRounds "7"]
[EventCountry "CAN"]
[SourceTitle "EXT 2011"]
[Source "ChessBase"]
[SourceDate "2011.11.26"]
[SourceVersion "1"]
[SourceVersionDate "2011.11.26"]
[SourceQuality "1"]

1. e4 c5 2. Nf3 d6 3. Nc3 Nc6 4. d4 cxd4 5. Nxd4 g6 6. Be2 Bg7 7. Be3 Nf6 8. Qd2 O-O 9. O-O Bd7 10. Rad1 Ng4 11. Bg5 Nxd4 12. f3 Nxe2+ 13. Nxe2 Qb6+ 14. Nd4 Nf6 15. Kh1 Rfe8 16. c4 Bc6 17. b4 a6 18. Be3 Qc7 19. Qc2 Rec8 20. Qb3 Be8 21. Rc1 Qd7 22. Rfe1 Qa4 23. Qb1 a5 24. b5 e5 25. Ne2 Rxc4 26. Qd3 Rxc1 27. Rxc1 Qxb5 28. Qd1 Bc6 29. Rb1 Qc4 30. Rb3 Ba4 31. Nc1 Bxb3 32. axb3 Qc6 33. Nd3 Nd7 34. Nf2 Nc5 35. Qb1 Qb5 36. Nd1 Qxb3 37. Qxb3 Nxb3 38. Nc3 a4 39. h4 h5 0-1

[Event "Scarborough CC Howard Ridout Swiss"]
[Site "Toronto CAN"]
[Date "2009.10.22"]
[Round "7"]
[White "Gaffney, Kevin"]
[Black "Ferreira, Alex"]
[Result "0-1"]
[WhiteElo "1568"]
[BlackElo "1956"]
[PlyCount "52"]
[GameId "2160767910096863"]
[EventDate "2009.09.10"]
[EventType "swiss"]
[EventRounds "7"]
[EventCountry "CAN"]
[SourceTitle "EXT 2011"]
[Source "ChessBase"]
[SourceDate "2011.11.26"]
[SourceVersion "1"]
[SourceVersionDate "2011.11.26"]
[SourceQuality "1"]

1. e4 c5 2. c3 Nf6 3. e5 Nd5 4. d4 cxd4 5. Nf3 Nc6 6. Bc4 Nb6 7. Bb3 d6 8. exd6 Qxd6 9. O-O d3 10. Ng5 e6 11. Re1 Be7 12. Qh5 Bxg5 13. Bxg5 O-O 14. Nd2 e5 15. Ne4 Qg6 16. Qf3 Bf5 17. Bd2 Rad8 18. Rad1 Bg4 19. Qe3 Bxd1 20. Rxd1 Na5 21. Nc5 Nbc4 22. Qf3 b6 23. Na6 e4 24. Qf4 Qh5 25. Rb1 Qe2 26. Bd1 Qxd2 0-1

[Event "Scarborough CC Howard Ridout Swiss"]
[Site "Toronto CAN"]
[Date "2009.10.22"]
[Round "7"]
[White "Gillis, Doug"]
[Black "Mesiti, Silvano"]
[Result "1/2-1/2"]
[WhiteElo "1680"]
[BlackElo "1774"]
[PlyCount "63"]
[GameId "2160767910096864"]
[EventDate "2009.09.10"]
[EventType "swiss"]
[EventRounds "7"]
[EventCountry "CAN"]
[SourceTitle "EXT 2011"]
[Source "ChessBase"]
[SourceDate "2011.11.26"]
[SourceVersion "1"]
[SourceVersionDate "2011.11.26"]
[SourceQuality "1"]

1. e4 e5 2. Nf3 d6 3. d4 exd4 4. Nxd4 Be7 5. Bc4 Nf6 6. Qe2 O-O 7. Nc3 Re8 8. O-O a6 9. Rd1 Bd7 10. a4 Nc6 11. a5 Ne5 12. Bf4 Qc8 13. Bxe5 dxe5 14. Nf3 Bd6 15. Ng5 Rf8 16. Rd3 h6 17. Nf3 Bc6 18. Nh4 Bd7 19. Qf3 Bg4 20. Qe3 Kh7 21. h3 Bd7 22. Nf5 Bxf5 23. exf5 Qxf5 24. Rxd6 cxd6 25. Bd3 e4 26. Nxe4 Kh8 27. Nxd6 Qd7 28. Nf5 Ng8 29. Qe4 Nf6 30. Qe3 Ng8 31. Qe4 Nf6 32. Qe3 1/2-1/2

[Event "Scarborough CC Howard Ridout Swiss"]
[Site "Toronto CAN"]
[Date "2009.10.22"]
[Round "7"]
[White "Krupka, David"]
[Black "Bzikot, Robert"]
[Result "1/2-1/2"]
[WhiteElo "2144"]
[BlackElo "1908"]
[PlyCount "59"]
[GameId "2160767910096865"]
[EventDate "2009.09.10"]
[EventType "swiss"]
[EventRounds "7"]
[EventCountry "CAN"]
[SourceTitle "EXT 2011"]
[Source "ChessBase"]
[SourceDate "2011.11.26"]
[SourceVersion "1"]
[SourceVersionDate "2011.11.26"]
[SourceQuality "1"]

1. d4 f5 2. g3 Nf6 3. Bg2 g6 4. c4 Bg7 5. Nc3 d6 6. Nh3 O-O 7. d5 Na6 8. Nf4 Nc5 9. Be3 e5 10. dxe6 Nxe6 11. Rc1 Ng4 12. Nxe6 Bxe6 13. Bd4 Bh6 14. f4 c5 15. Bg1 Nf6 16. b3 Qe7 17. Qd3 Rad8 18. Rd1 Rfe8 19. Bf2 b5 20. cxb5 d5 21. O-O d4 22. Na4 c4 23. bxc4 Qb4 24. Qb3 Qxc4 25. Qxc4 Bxc4 26. Rxd4 Rxd4 27. Bxd4 Ne4 28. Nc3 Nxc3 29. Bxc3 Rxe2 30. Rd1 1/2-1/2

[Event "Scarborough CC Howard Ridout Swiss"]
[Site "Toronto CAN"]
[Date "2009.10.22"]
[Round "7"]
[White "Kurkowski, Ken"]
[Black "Al Ganabi, Yasir"]
[Result "1-0"]
[WhiteElo "1690"]
[BlackElo "1400"]
[PlyCount "63"]
[GameId "2160767910096866"]
[EventDate "2009.09.10"]
[EventType "swiss"]
[EventRounds "7"]
[EventCountry "CAN"]
[SourceTitle "EXT 2011"]
[Source "ChessBase"]
[SourceDate "2011.11.26"]
[SourceVersion "1"]
[SourceVersionDate "2011.11.26"]
[SourceQuality "1"]

1. d4 d5 2. c4 dxc4 3. Nf3 Nf6 4. e3 e6 5. Bxc4 Bb4+ 6. Bd2 Bxd2+ 7. Nbxd2 O-O 8. O-O Re8 9. Re1 Nc6 10. a3 h6 11. Qc2 e5 12. dxe5 Nxe5 13. Nxe5 Rxe5 14. Nf3 Rc5 15. Bxf7+ Kxf7 16. Qxc5 b6 17. Qc4+ Be6 18. Ne5+ Ke7 19. Nc6+ Ke8 20. Qxe6+ Kf8 21. Nxd8 Rxd8 22. Rad1 Re8 23. Qc4 c5 24. e4 Re5 25. Rd8+ Re8 26. Red1 Rxd8 27. Rxd8+ Ke7 28. Qd3 Kf7 29. e5 Ne8 30. Qf5+ Ke7 31. Qd7+ Kf8 32. Rxe8# 1-0

[Event "Scarborough CC Howard Ridout Swiss"]
[Site "Toronto CAN"]
[Date "2009.10.22"]
[Round "7"]
[White "Manalo, Pepin"]
[Black "Morra, Lui"]
[Result "1-0"]
[WhiteElo "1863"]
[BlackElo "1612"]
[PlyCount "101"]
[GameId "2160767910096867"]
[EventDate "2009.09.10"]
[EventType "swiss"]
[EventRounds "7"]
[EventCountry "CAN"]
[SourceTitle "EXT 2011"]
[Source "ChessBase"]
[SourceDate "2011.11.26"]
[SourceVersion "1"]
[SourceVersionDate "2011.11.26"]
[SourceQuality "1"]

1. Nc3 Nf6 2. Nf3 d5 3. d4 e6 4. Bg5 Be7 5. h3 Nbd7 6. e3 O-O 7. Bd3 c5 8. O-O c4 9. Be2 a6 10. a4 Qa5 11. Ne5 Bb4 12. Nxd7 Nxd7 13. Na2 Bd6 14. Nc3 Qc7 15. f4 f6 16. Bh4 Nb8 17. Bf3 f5 18. Rf2 Nd7 19. g4 fxg4 20. Bxg4 Nf6 21. Bf3 Rb8 22. Rg2 b5 23. axb5 axb5 24. Qe2 b4 25. Nd1 Bd7 26. c3 b3 27. Nf2 Qc6 28. Kh2 Ra8 29. Rag1 g6 30. Bg5 Ra2 31. Bh6 Rf7 32. h4 Ba3 33. Nd1 Qc8 34. h5 Kh8 35. Qe1 gxh5 36. Bg7+ Rxg7 37. Rxg7 Be8 38. Qh4 Qd8 39. Rg8+ Nxg8 40. Qxd8 Bg6 41. Rg2 Be7 42. Qb8 Kg7 43. Bxh5 Kh6 44. Rxg6+ hxg6 45. Bf3 Nf6 46. Qh8+ Nh7 47. e4 Ba3 48. exd5 exd5 49. Bxd5 g5 50. Bg8 Bxb2 51. Qxh7# 1-0

[Event "Scarborough CC Howard Ridout Swiss"]
[Site "Toronto CAN"]
[Date "2009.10.22"]
[Round "7"]
[White "Moysoski, Randy"]
[Black "Peng, Bill"]
[Result "1/2-1/2"]
[WhiteElo "1894"]
[BlackElo "2141"]
[PlyCount "73"]
[GameId "2160767910096868"]
[EventDate "2009.09.10"]
[EventType "swiss"]
[EventRounds "7"]
[EventCountry "CAN"]
[SourceTitle "EXT 2011"]
[Source "ChessBase"]
[SourceDate "2011.11.26"]
[SourceVersion "1"]
[SourceVersionDate "2011.11.26"]
[SourceQuality "1"]

1. e4 c5 2. Nc3 Nc6 3. g3 g6 4. Bg2 Bg7 5. d3 d6 6. Nh3 Rb8 7. O-O b5 8. f4 Nd4 9. Nf2 e6 10. h3 Ne7 11. Qd2 b4 12. Ncd1 O-O 13. c3 bxc3 14. bxc3 Ndc6 15. g4 f5 16. Qe3 g5 17. gxf5 exf5 18. Qg3 Ng6 19. exf5 Nxf4 20. Bxf4 gxf4 21. Qxf4 Ne7 22. Qc4+ Kh8 23. Ne3 Nxf5 24. Nxf5 Bxf5 25. Ne4 d5 26. Qxc5 Rc8 27. Qa3 dxe4 28. dxe4 Bxc3 29. Rad1 Qb6+ 30. Kh1 Bb4 31. Qb2+ Bc3 32. Qxb6 axb6 33. exf5 Rc5 34. Rd6 Rcxf5 35. Rxf5 Rxf5 36. Rxb6 Ra5 37. Rc6 1/2-1/2

[Event "Scarborough CC Howard Ridout Swiss"]
[Site "Toronto CAN"]
[Date "2009.10.22"]
[Round "7"]
[White "Pedersen, Rune"]
[Black "Southam, David"]
[Result "1-0"]
[WhiteElo "2076"]
[BlackElo "2146"]
[PlyCount "93"]
[GameId "2160767910096869"]
[EventDate "2009.09.10"]
[EventType "swiss"]
[EventRounds "7"]
[EventCountry "CAN"]
[SourceTitle "EXT 2011"]
[Source "ChessBase"]
[SourceDate "2011.11.26"]
[SourceVersion "1"]
[SourceVersionDate "2011.11.26"]
[SourceQuality "1"]

1. e4 c5 2. Nf3 e6 3. d4 cxd4 4. Nxd4 Nc6 5. Nxc6 bxc6 6. Bd3 d5 7. Nc3 Nf6 8. Qe2 Be7 9. O-O Rb8 10. b3 O-O 11. Bf4 Ra8 12. Rad1 Bb7 13. Rfe1 Bb4 14. Bd2 Re8 15. e5 Nd7 16. Qg4 Bf8 17. Re3 f5 18. exf6 Nxf6 19. Qh4 e5 20. Rg3 e4 21. Bg5 Re6 22. Bxe4 h6 23. Bf5 Rd6 24. Bxh6 Bc8 25. Bxc8 Rxc8 26. Bg5 Qe7 27. Re3 Re6 28. Rxe6 Qxe6 29. Bxf6 Qxf6 30. Qxf6 gxf6 31. Re1 Kf7 32. Re2 Bb4 33. Nd1 a5 34. Nb2 Bd6 35. h3 Be5 36. Nd3 Bd6 37. g4 Rb8 38. f4 a4 39. f5 axb3 40. axb3 Rc8 41. Re6 Ba3 42. Kg2 c5 43. Ra6 c4 44. bxc4 dxc4 45. Ra7+ Kg8 46. Rxa3 cxd3 47. cxd3 1-0

[Event "Scarborough CC Howard Ridout Swiss"]
[Site "Toronto CAN"]
[Date "2009.10.22"]
[Round "7"]
[White "Picana, Andrew"]
[Black "Henry, Liam"]
[Result "0-1"]
[WhiteElo "2103"]
[BlackElo "2275"]
[PlyCount "76"]
[GameId "2160767910096870"]
[EventDate "2009.09.10"]
[EventType "swiss"]
[EventRounds "7"]
[EventCountry "CAN"]
[SourceTitle "EXT 2011"]
[Source "ChessBase"]
[SourceDate "2011.11.26"]
[SourceVersion "1"]
[SourceVersionDate "2011.11.26"]
[SourceQuality "1"]

1. e4 e6 2. Nf3 d5 3. exd5 exd5 4. d4 Bd6 5. Nc3 Ne7 6. Bd3 Bg4 7. Bg5 Qd7 8. Bb5 Nbc6 9. O-O f6 10. Bh4 g5 11. Bg3 h5 12. Bxc6 Qxc6 13. h3 Bd7 14. Qd2 O-O-O 15. Ne2 Nf5 16. c4 g4 17. cxd5 Qxd5 18. Nc3 Qg8 19. Nh4 Nxg3 20. fxg3 gxh3 21. Ne4 Bxg3 22. Nxf6 Bxh4 23. Nxg8 Rhxg8 24. Qf4 Rxg2+ 25. Kh1 Bc6 26. Rf3 Rf2 27. Qxh4 Bxf3+ 28. Kg1 Rg2+ 29. Kf1 h2 30. Qh3+ Rd7 31. Qxg2 h1=Q+ 32. Qxh1 Bxh1 33. Kf2 Be4 34. Ke3 Bd5 35. Rf1 Rf7 36. Rg1 Rh7 37. Rg3 h4 38. Rh3 Bg2 0-1

[Event "Scarborough CC Howard Ridout Swiss"]
[Site "Toronto CAN"]
[Date "2009.10.22"]
[Round "7"]
[White "Radpey, Abdolreza"]
[Black "Smith, Maurice"]
[Result "0-1"]
[WhiteElo "1488"]
[BlackElo "1683"]
[PlyCount "72"]
[GameId "2160767910096871"]
[EventDate "2009.09.10"]
[EventType "swiss"]
[EventRounds "7"]
[EventCountry "CAN"]
[SourceTitle "EXT 2011"]
[Source "ChessBase"]
[SourceDate "2011.11.26"]
[SourceVersion "1"]
[SourceVersionDate "2011.11.26"]
[SourceQuality "1"]

1. Nf3 d5 2. d4 Nf6 3. c4 c6 4. Bf4 Bg4 5. e3 Nbd7 6. Nc3 e6 7. Be2 dxc4 8. Bxc4 Bb4 9. O-O O-O 10. h3 Bh5 11. g4 Bg6 12. Nh4 Bxc3 13. bxc3 Nd5 14. Bxd5 cxd5 15. Nxg6 hxg6 16. Bd6 Re8 17. f4 Rc8 18. Qd3 Nf6 19. Be5 Ne4 20. f5 Rxc3 21. Qe2 f6 22. fxg6 fxe5 23. Rf7 Ng5 24. Rxb7 Nxh3+ 25. Kg2 Qh4 26. Rg1 Nf4+ 27. exf4 Rg3+ 28. Kf2 Rb3+ 29. Kg2 Rxb7 30. Rh1 Qf6 31. Qd3 Qxf4 32. Rh8+ Kxh8 33. Qh3+ Qh6 34. Qd3 Rb2+ 35. Kg3 Qf4+ 36. Kh3 Rh2# 0-1

[Event "Scarborough CC Howard Ridout Swiss"]
[Site "Toronto CAN"]
[Date "2009.10.22"]
[Round "7"]
[White "Rapoport, Alexander"]
[Black "Wiebe, Daniel"]
[Result "0-1"]
[WhiteElo "1814"]
[BlackElo "1929"]
[PlyCount "53"]
[GameId "2160767910096872"]
[EventDate "2009.09.10"]
[EventType "swiss"]
[EventRounds "7"]
[EventCountry "CAN"]

1. d4 Nf6 2. e3 g6 3. Bd3 Bg7 4. c3 d6 5. Nf3 O-O 6. O-O Nbd7 7. e4 e5 8. h3 Nh5 9. Be3 Kh8 10. Na3 f5 11. exf5 gxf5 12. Ng5 Ndf6 13. dxe5 dxe5 14. Bc5 h6 15. Bxf8 Qxf8 16. Be2 hxg5 17. Bxh5 g4 18. hxg4 fxg4 19. Bg6 Bh6 20. Qd3 Be6 21. Rad1 Bf4 22. g3 Qh6 23. c4 Kg7 24. Bh7 e4 25. Bxe4 Rh8 26. Rfe1 Bxg3 27. fxg3 0-1

[Event "Scarborough CC Howard Ridout Swiss"]
[Site "Toronto CAN"]
[Date "2009.10.22"]
[Round "7"]
[White "Sellars, Karl"]
[Black "Al Ganabi, Haqi"]
[Result "1-0"]
[WhiteElo "2268"]
[BlackElo "1882"]
[PlyCount "84"]
[GameId "2160767910096873"]
[EventDate "2009.09.10"]
[EventType "swiss"]
[EventRounds "7"]
[EventCountry "CAN"]
[SourceTitle "EXT 2011"]
[Source "ChessBase"]
[SourceDate "2011.11.26"]
[SourceVersion "1"]
[SourceVersionDate "2011.11.26"]
[SourceQuality "1"]

1. d4 Nf6 2. c4 e5 3. dxe5 Ng4 4. Bf4 Nc6 5. Nf3 Bb4+ 6. Nbd2 Qe7 7. e3 Ngxe5 8. Nxe5 Nxe5 9. Be2 O-O 10. O-O d6 11. Nb3 Ng6 12. Bg3 Be6 13. a3 Bc5 14. Nxc5 dxc5 15. Qa4 Bd7 16. Qa5 b6 17. Qc3 Bc6 18. b4 Rac8 19. Rad1 cxb4 20. axb4 f5 21. Rfe1 Rce8 22. Bf1 h5 23. h3 Qg5 24. Bxc7 Nh4 25. Bg3 Nxg2 26. Bxg2 Bxg2 27. Bf4 Qg6 28. Rd6 Rf6 29. Rxf6 gxf6 30. Kh2 Bxh3 31. Kxh3 Qg4+ 32. Kh2 Qh4+ 33. Kg2 Qg4+ 34. Kf1 Qh3+ 35. Ke2 Qg4+ 36. Kd2 Rd8+ 37. Kc1 Rc8 38. Rd1 Qf3 39. Qc2 a5 40. bxa5 bxa5 41. c5 a4 42. Qc4+ Kh8 1-0

[Event "Scarborough CC Howard Ridout Swiss"]
[Site "Toronto CAN"]
[Date "2009.10.22"]
[Round "7"]
[White "Souchko, Larissa"]
[Black "Stewart, Frankie"]
[Result "0-1"]
[WhiteElo "1244"]
[BlackElo "1786"]
[PlyCount "60"]
[GameId "2160767910096874"]
[EventDate "2009.09.10"]
[EventType "swiss"]
[EventRounds "7"]
[EventCountry "CAN"]
[SourceTitle "EXT 2011"]
[Source "ChessBase"]
[SourceDate "2011.11.26"]
[SourceVersion "1"]
[SourceVersionDate "2011.11.26"]
[SourceQuality "1"]

1. e4 e5 2. Nf3 Nc6 3. Nc3 Nf6 4. Bc4 Be7 5. O-O d6 6. d3 Na5 7. b3 Nxc4 8. bxc4 O-O 9. h3 a6 10. Nh4 Nxe4 11. Nxe4 Bxh4 12. Be3 f5 13. Nc3 f4 14. Bd2 Qg5 15. Qf3 Rb8 16. Rab1 b6 17. Ne4 Qg6 18. c3 Bb7 19. Rbe1 Ba8 20. d4 exd4 21. cxd4 Rbe8 22. d5 b5 23. Bxf4 bxc4 24. g4 Bxd5 25. Nf6+ Qxf6 26. Qxd5+ Kh8 27. Rxe8 Rxe8 28. Qxc4 d5 29. Qa4 c6 30. Rd1 Re4 0-1

[Event "Scarborough CC Howard Ridout Swiss"]
[Site "Toronto CAN"]
[Date "2009.10.22"]
[Round "7"]
[White "Ugodnikov, Arkadiy"]
[Black "Wu, Aaron"]
[Result "1-0"]
[WhiteElo "1748"]
[BlackElo "1963"]
[PlyCount "75"]
[GameId "2160767910096875"]
[EventDate "2009.09.10"]
[EventType "swiss"]
[EventRounds "7"]
[EventCountry "CAN"]
[SourceTitle "EXT 2011"]
[Source "ChessBase"]
[SourceDate "2011.11.26"]
[SourceVersion "1"]
[SourceVersionDate "2011.11.26"]
[SourceQuality "1"]

1. e4 c5 2. Nf3 Nc6 3. Bb5 e6 4. Bxc6 bxc6 5. d3 d6 6. O-O e5 7. h3 f5 8. Bg5 Be7 9. Bxe7 Qxe7 10. Nbd2 Nf6 11. Re1 f4 12. c3 O-O 13. d4 cxd4 14. cxd4 Ba6 15. Qc2 Rac8 16. Rac1 Nd7 17. Nc4 Nb6 18. Na5 c5 19. dxe5 dxe5 20. Nb3 c4 21. Nbd2 Kh8 22. Qc3 Nd7 23. Qa5 Qf6 24. b3 Nc5 25. Rc3 Nd3 26. Rb1 cxb3 27. Rbxb3 Nc1 28. Rxc8 Rxc8 29. Ra3 Bc4 30. Nxe5 Ne2+ 31. Kh2 Be6 32. Ndf3 g5 33. Qd2 Qe7 34. Ra5 Nc3 35. Qd4 Ne2 36. Ng6+ Kg8 37. Qh8+ Kf7 38. Nfe5# 1-0

[Event "Scarborough CC Howard Ridout Swiss"]
[Site "Toronto CAN"]
[Date "2009.10.22"]
[Round "7"]
[White "Verde, Pino"]
[Black "Marcille, Gord"]
[Result "0-1"]
[WhiteElo "1757"]
[BlackElo "1855"]
[PlyCount "90"]
[GameId "2160767910096876"]
[EventDate "2009.09.10"]
[EventType "swiss"]
[EventRounds "7"]
[EventCountry "CAN"]
[SourceTitle "EXT 2011"]
[Source "ChessBase"]
[SourceDate "2011.11.26"]
[SourceVersion "1"]
[SourceVersionDate "2011.11.26"]
[SourceQuality "1"]

1. e4 c5 2. Nf3 Nc6 3. d4 cxd4 4. Nxd4 e5 5. Nb5 a6 6. Nd6+ Bxd6 7. Qxd6 Qe7 8. Qc7 Qb4+ 9. Nc3 Nf6 10. Bd3 O-O 11. Bd2 Ne8 12. Nd5 Qxb2 13. Bc3 Qxc3+ 14. Nxc3 Nxc7 15. a3 Ne6 16. Nd5 Nf4 17. Nb6 Rb8 18. g3 Nxd3+ 19. cxd3 Nd4 20. Rc1 d6 21. Rc3 Be6 22. Kd2 Rfd8 23. f4 f6 24. f5 Bf7 25. Ke3 d5 26. Rhc1 Nxf5+ 27. Kf2 dxe4 28. dxe4 Nd6 29. Ke3 Be6 30. Rc7 Nb5 31. Re7 Bb3 32. a4 Kf8 33. Rd7 Bxa4 34. Rxd8+ Rxd8 35. Nxa4 Rd4 36. Nc5 Ke7 37. Nxb7 h5 38. Rc6 Ra4 39. Nc5 Ra3+ 40. Kf2 Ra2+ 41. Kg1 Nd4 42. Rxa6 Nf3+ 43. Kf1 Nxh2+ 44. Kg1 Nf3+ 45. Kf1 Nd2+ 0-1

[Event "Scarborough CC Howard Ridout Swiss"]
[Site "Toronto CAN"]
[Date "2009.10.22"]
[Round "7"]
[White "Ward, Dean"]
[Black "Paterson, Jim"]
[Result "0-1"]
[WhiteElo "1800"]
[BlackElo "1839"]
[PlyCount "106"]
[GameId "2160767910096877"]
[EventDate "2009.09.10"]
[EventType "swiss"]
[EventRounds "7"]
[EventCountry "CAN"]
[SourceTitle "EXT 2011"]
[Source "ChessBase"]
[SourceDate "2011.11.26"]
[SourceVersion "1"]
[SourceVersionDate "2011.11.26"]
[SourceQuality "1"]

1. d4 e6 2. c4 Nf6 3. Nc3 c5 4. Nf3 cxd4 5. Nxd4 a6 6. Bg5 Bb4 7. Qb3 Qe7 8. a3 Bc5 9. e3 Nc6 10. Nxc6 dxc6 11. Ne4 h6 12. Bxf6 gxf6 13. Qc3 e5 14. b4 Ba7 15. c5 Bb8 16. Be2 Bf5 17. Ng3 Bg6 18. O-O h5 19. Bd3 O-O 20. Bxg6 fxg6 21. Rad1 Bc7 22. Rd3 Rad8 23. Rfd1 Kf7 24. Ne4 Rxd3 25. Rxd3 Rd8 26. Qd2 Rxd3 27. Qxd3 Qe6 28. g3 Qd5 29. Qxd5+ cxd5 30. Nc3 Ke6 31. Kf1 f5 32. Ne2 b6 33. cxb6 Bxb6 34. Nc3 Kd6 35. Ke2 Kc6 36. f3 d4 37. exd4 Bxd4 38. Kd3 g5 39. h3 g4 40. hxg4 hxg4 41. fxg4 fxg4 42. Ne4 Kb5 43. Nf6 Bf2 44. Nxg4 Bxg3 45. Ke4 Ka4 46. Nxe5 Bxe5 47. Kxe5 Kxa3 48. Kd4 Kxb4 49. Kd3 Kb3 50. Kd2 Kb2 51. Kd3 a5 52. Kc4 a4 53. Kb4 a3 0-1

[Event "Scarborough CC Howard Ridout Swiss"]
[Site "Toronto CAN"]
[Date "2009.10.22"]
[Round "7"]
[White "Wu, Kevin"]
[Black "Zhou, Kevin"]
[Result "1/2-1/2"]
[WhiteElo "1954"]
[BlackElo "1826"]
[PlyCount "40"]
[GameId "2160767910096878"]
[EventDate "2009.09.10"]
[EventType "swiss"]
[EventRounds "7"]
[EventCountry "CAN"]
[SourceTitle "EXT 2011"]
[Source "ChessBase"]
[SourceDate "2011.11.26"]
[SourceVersion "1"]
[SourceVersionDate "2011.11.26"]
[SourceQuality "1"]

1. e4 e5 2. Nf3 Nc6 3. Bb5 a6 4. Ba4 Nf6 5. O-O Be7 6. Re1 b5 7. Bb3 d6 8. c3 O-O 9. h3 Na5 10. Bc2 c5 11. d4 Nd7 12. Nbd2 exd4 13. cxd4 Nc6 14. d5 Nce5 15. Nxe5 Nxe5 16. f4 Ng6 17. Nf3 Bh4 18. Nxh4 Qxh4 19. Rf1 Bxh3 20. gxh3 Qg3+ 1/2-1/2

[Event "Scarborough CC Howard Ridout Swiss"]
[Site "Toronto CAN"]
[Date "2009.10.22"]
[Round "7"]
[White "Yuan, Yuanling"]
[Black "Moffat, Andrei"]
[Result "1-0"]
[WhiteElo "2301"]
[BlackElo "2210"]
[PlyCount "74"]
[GameId "2160767910096879"]
[EventDate "2009.09.10"]
[EventType "swiss"]
[EventRounds "7"]
[EventCountry "CAN"]
[SourceTitle "EXT 2011"]
[Source "ChessBase"]
[SourceDate "2011.11.26"]
[SourceVersion "1"]
[SourceVersionDate "2011.11.26"]
[SourceQuality "1"]

1. e4 c5 2. Nf3 d6 3. d4 cxd4 4. Nxd4 Nf6 5. Nc3 Nc6 6. Bg5 Bd7 7. Qd2 Rc8 8. O-O-O Nxd4 9. Qxd4 Qa5 10. Bd2 g6 11. Kb1 Qc5 12. Qxc5 Rxc5 13. f3 Bg7 14. Be3 Ra5 15. Bd4 Nh5 16. Bxg7 Nxg7 17. b4 Rh5 18. Be2 f5 19. f4 Rh6 20. Bf3 fxe4 21. Nxe4 O-O 22. g3 Bc6 23. Rd3 a5 24. a3 axb4 25. axb4 Bb5 26. Rc3 Nf5 27. Ng5 e5 28. Bd5+ Kh8 29. Rc7 Ne3 30. Bxb7 exf4 31. gxf4 d5 32. Re1 Ng2 33. Re5 Rxh2 34. Rxd5 Bc4 35. Rxc4 Ne3 36. Rc7 Nxd5 37. Bxd5 Rb8 1-0